Meet Caitlin Clark : (Record no. 412642)
[ view plain ]
| 000 -LEADER | |
|---|---|
| fixed length control field | 01170nam a2200277 4500 |
| 001 - CONTROL NUMBER | |
| control field | 2419471 |
| 003 - CONTROL NUMBER IDENTIFIER | |
| control field | IlBcCP |
| 005 - DATE AND TIME OF LATEST TRANSACTION | |
| control field | 20251021110742.0 |
| 008 - FIXED-LENGTH DATA ELEMENTS--GENERAL INFORMATION | |
| fixed length control field | 251021s2025 mnua 000 0beng |
| 020 ## - INTERNATIONAL STANDARD BOOK NUMBER | |
| International Standard Book Number | 9798765649282 |
| 040 ## - CATALOGING SOURCE | |
| Transcribing agency | IlBcCP |
| 082 14 - DEWEY DECIMAL CLASSIFICATION NUMBER | |
| Classification number | 796.323 |
| Edition number | 23 |
| 100 1# - MAIN ENTRY--PERSONAL NAME | |
| Personal name | Goldstein, Margaret J. |
| 245 10 - TITLE STATEMENT | |
| Title | Meet Caitlin Clark : |
| Remainder of title | basketball superstar / |
| Statement of responsibility, etc | Margaret J. Goldstein. |
| 260 ## - PUBLICATION, DISTRIBUTION, ETC. (IMPRINT) | |
| Place of publication, distribution, etc | Minneapolis, MN : |
| Name of publisher, distributor, etc | Lerner Publications, |
| Date of publication, distribution, etc | 2025. |
| 300 ## - PHYSICAL DESCRIPTION | |
| Extent | 32 p. : |
| Other physical details | col. ill. ; |
| Dimensions | 23 cm |
| 490 1# - SERIES STATEMENT | |
| Series statement | Sports VIPs |
| 520 ## - SUMMARY, ETC. | |
| Summary, etc | Basketball superstar Caitlin Clark is a scoring machine. In 2024, she scored more points than any other college women's player had ever scored in a season and led the Iowa Hawkeyes to the NCAA tournament. Learn about Clark's childhood, early athletics, and greatest accomplishments. |
| 521 2# - TARGET AUDIENCE NOTE | |
| Target audience note | 2345 |
| Source | Libraria. |
| 521 8# - TARGET AUDIENCE NOTE | |
| Target audience note | 770 |
| Source | Lexile. |
| 526 8# - STUDY PROGRAM INFORMATION NOTE | |
| Program name | Accelerated Reader AR |
| Interest level | MG |
| Reading level | 4.5 |
| Title point value | 0.5 |
| Public note | 552524. |
| 650 #7 - SUBJECT ADDED ENTRY--TOPICAL TERM | |
| Topical term or geographic name as entry element | Basketball players |
| Geographic subdivision | United States |
| Source of heading or term | sears |
| Form subdivision | Biography. |
| 9 (RLIN) | 5704065 |
| 650 #7 - SUBJECT ADDED ENTRY--TOPICAL TERM | |
| Topical term or geographic name as entry element | Women basketball players |
| Geographic subdivision | United States |
| Source of heading or term | sears |
| Form subdivision | Biography. |
| 9 (RLIN) | 6553886 |
| 830 #0 - SERIES ADDED ENTRY--UNIFORM TITLE | |
| Uniform title | Sports VIPs. |
| 9 (RLIN) | 6553887 |
| 949 ## - LOCAL PROCESSING INFORMATION (OCLC) | |
| h | 92 |
| i | Cla |
| 9 | 22.99 |
| Withdrawn status | Lost status | Source of classification or shelving scheme | Damaged status | Not for loan | Collection code | Home library | Current library | Shelving location | Date acquired | Source of acquisition | Total Checkouts | Full call number | Barcode | Date last seen | Cost, replacement price | Price effective from | Koha item type |
|---|---|---|---|---|---|---|---|---|---|---|---|---|---|---|---|---|---|
| Dewey Decimal Classification | Junior NonFiction | Wasatch County Library | Wasatch County Library | Second Floor | 01/12/2026 | Libraria | J Biography Clark | 34301002176784 | 01/26/2026 | 22.99 | 01/12/2026 | BOOK |
